logo

Bir Sreshtho Munshi Abdur Rouf Library
Jhenaidah Cadet College

DRI readings in macro-economics / (Record no. 8621)

MARC details
000 -LEADER
fixed length control field 00603nam a2200229 a 4500
001 - CONTROL NUMBER
JCCL Control Number 8621
003 - CONTROL NUMBER IDENTIFIER
JCCL marc code BD-JhCC
005 - DATE AND TIME OF LATEST TRANSACTION
control field 20191214132948.0
008 - FIXED-LENGTH DATA ELEMENTS--GENERAL INFORMATION
fixed length control field 180228s1981 enka | |||| ||eng|d
020 ## - INTERNATIONAL STANDARD BOOK NUMBER
International Standard Book Number 0070546592
035 ## - SYSTEM CONTROL NUMBER
system control number (BD-JhCC)8621
040 ## - CATALOGING SOURCE
Original cataloging agency BD-JhCC
Modifying agency BD-JhCC
041 ## - LANGUAGE CODE
Language code of Book eng
082 ## - DEWEY DECIMAL CLASSIFICATION NUMBER
Author mark and Year DRI 1981
Classification number 339
245 00 - TITLE STATEMENT
Title DRI readings in macro-economics /
Statement of responsibility, etc [edited by] Allen R. Sanderson.
260 ## - PUBLICATION, DISTRIBUTION, ETC. (IMPRINT)
Place of publication, distribution, etc New York ;
-- London :
Name of publisher, distributor, etc McGraw-Hill,
Date of publication, distribution, etc c1981.
300 ## - PHYSICAL DESCRIPTION
Pagination xii,419p ;
Dimensions 24cm.
650 #0 - SUBJECT ADDED ENTRY--TOPICAL TERM
Topical term or geographic name as entry element Macroeconomics.
700 1# - ADDED ENTRY--PERSONAL NAME
Personal name Sanderson, Allen R.
942 ## - ADDED ENTRY ELEMENTS (KOHA)
Source of classification or shelving scheme Dewey Decimal Classification
Koha item type Books
Holdings
Source of classification or shelving scheme Damaged status Not for loan Home library Current library Shelving location Date of accession Source of acquisition Total Checkouts Full call number Barcode Date last seen Copy number Koha item type
Dewey Decimal Classification     JCC Rouf Library JCC Rouf Library General Stacks 02/28/2018 Asia foundation   339 DRI 1981 11346 02/28/2018 C-1 Books

JCC Library | Contacts | JCC Home

Last Update on 23 September 2017
Copyright @ 2017-2020 JCC Rouf Library
Rouf Library, Jhenidah Cadet College (JCC), Bangladesh